Anem al teatre : Alt Penedès : educació infantil, primària i secundària : l'oferta de la Diputació de Barcelona i del teu Ajuntament : curs Alt Penedès :
Descripción Física:
il·lustracions ; 24 cm
MARC
| LEADER | 00000nam a2200000Ia 4500 | ||
|---|---|---|---|
| 001 | 15365, 17884, 17686, 19438, 21686, 22936, 23215, 24030, 25994, 26004, 26006 | ||
| 008 | 160829s2003 - xx 000 0 cat d | ||
| 017 | |a DL B 16676-2016 | ||
| 017 | |a DL B 13522-2018 | ||
| 017 | |a DL B 14342-2019 | ||
| 080 | |a FU-33-77 FU-2-51, FU-15-6, FU-6-33, FU-43-12, FU-56-73, FU-59-60, FU-64-6 | ||
| 080 | |a FU-71-12 | ||
| 080 | |a FU-71-22 | ||
| 080 | |a FU-71-24 | ||
| 245 | |a Anem al teatre : |b Alt Penedès : |b educació infantil, primària i secundària : |b l'oferta de la Diputació de Barcelona i del teu Ajuntament : |b curs | ||
| 246 | 3 | 3 | |a Anem al teatre : Alt Penedès : |b teatre, música i dansa per a educació infantil i primària : l'oferta de la Diputació de Barcelona i del vostre Ajuntament |
| 260 | |a Barcelona : |b Diputació de Barcelona. Àrea de Cultura. Àrea d'Educació, |c 2003- | ||
| 300 | |b il·lustracions ; |c 24 cm | ||
| 490 | 1 | |a Anem al teatre | |
| 500 | |a A partir de 2018: Anem al teatre : educació infantil, primària i secundària : l'oferta de la Diputació de Barcelona i del teu Ajuntament | ||
| 500 | |a A la portada: Arts escèniques i musicals | ||
| 590 | |a A la portada: Ajuntaments de l'Alt Penedès i el Centre de Recursos Pedagògics de l'Alt Penedès | ||
| 590 | |a A partir de 2016, editat per Diputació de Barcelona. Àrea de Cultura, Educació i Esports i Ajuntaments de l'Alt Penedès | ||
| 650 | 0 | |a Teatre |9 49129 |z Alt Penedès (Catalunya) |v Guies | |
| 650 | 0 | |a Música |9 49130 |z Alt Penedès (Catalunya) |v Guies | |
| 650 | 0 | |a Dansa |9 49131 |z Alt Penedès (Catalunya) |v Guies | |
| 650 | 0 | |a Cultura i lleure |9 49132 |z Alt Penedès (Catalunya) | |
| 710 | 2 | |a Centre de Recursos Pedagògics de l'Alt Penedès |9 53537 | |
| 710 | |a Barcelona (Catalunya : Província). |b Àrea d'Educació |9 8009 | ||
| 710 | 1 | |a Barcelona (Catalunya : Província). |b Àrea de Cultura |9 53536 | |
| 710 | 1 | |a Barcelona (Catalunya : Província). |b Àrea de Cultura, Educació i Esports |9 52666 | |
| 830 | 0 | |9 56316 |a Anem al teatre (Barcelona (Catalunya : Província). Diputació) | |
| 866 | |a 2003-2004 (6a ed.), 2005-2006 (8a ed.), 2006-2007 (9a ed.), 2007-2008 (10a ed.), 2008-2009 (11a ed.), 2010-2011 (13a ed.), 2011-2012 (14a ed.), 2013-2014 (16a ed.), 2016-17 (19a ed.), 2018-19 (21a ed.), 2019-20 (22a ed.) | ||
| 901 | |a Arxiu | ||
| 942 | |n 1 |2 udc | ||
| 952 | |0 0 |1 0 |4 0 |6 FU3377 |7 1 |9 55112 |a Arxiu |b Arxiu |d 2016-12-01 |o FU-33-77 |r 2016-12-01 00:00:00 |w 2016-12-01 |y ARXIU | ||
| 952 | |0 0 |1 0 |4 0 |6 FU7112 |7 1 |9 62459 |a Arxiu |b Arxiu |d 2022-06-20 |h 2016-17 (19a ed.) |o FU-71-12 |p 25994 |r 2022-06-20 00:00:00 |w 2022-06-20 |y ARXIU | ||
| 952 | |0 0 |1 0 |4 0 |7 1 |9 62473 |a Arxiu |b Arxiu |d 2022-06-20 |h 2018-19 (21a ed.) |o FU-71-22 |p 26004 |r 2022-06-20 00:00:00 |w 2022-06-20 |y ARXIU | ||
| 952 | |0 0 |1 0 |4 0 |6 FU7124 |7 1 |9 62474 |a Arxiu |b Arxiu |d 2022-06-20 |h 2019-20 (22a ed.) |l 0 |o FU-71-24 |p 26006 |r 2022-06-20 00:00:00 |w 2022-06-20 |y ARXIU | ||
| 952 | |0 0 |1 0 |4 0 |7 1 |9 65651 |a Arxiu |b Arxiu |d 2023-03-15 |h 2006-07 (9a ed.) |o FU-15-6 |p 17686 |r 2023-03-15 00:00:00 |w 2023-03-15 |y ARXIU | ||
| 952 | |0 0 |1 0 |4 0 |7 1 |9 65899 |a Arxiu |b Arxiu |d 2023-03-30 |h 2003-04 (6a ed.) |o FU-35-77 |p 15365 |r 2023-03-30 00:00:00 |w 2023-03-30 |y ARXIU | ||
| 952 | |0 0 |1 0 |4 0 |6 FU4312 |7 1 |9 65988 |a Arxiu |b Arxiu |d 2023-04-05 |h 2008-09 (11a ed.) |l 0 |o FU-43-12 |p 21686 |r 2023-04-05 00:00:00 |w 2023-04-05 |y ARXIU | ||
| 952 | |0 0 |1 0 |4 0 |6 FU5673 |7 1 |9 66085 |a Arxiu |b Arxiu |d 2023-04-13 |h 2010-11 (13a ed.) |o FU-56-73 |p 22936 |r 2023-04-13 00:00:00 |w 2023-04-13 |y ARXIU | ||
| 952 | |0 0 |1 0 |4 0 |7 1 |9 66106 |a Arxiu |b Arxiu |d 2023-04-13 |h 2011-12 (14a ed.) |o FU-59-60 |p 23215 |r 2023-04-13 00:00:00 |w 2023-04-13 |y ARXIU | ||
| 952 | |0 0 |1 0 |4 0 |6 FU646 |7 1 |9 66156 |a Arxiu |b Arxiu |d 2023-04-18 |h 2013-14 (16a ed.) |l 0 |o FU-64-6 |p 24030 |r 2023-04-18 00:00:00 |w 2023-04-18 |y ARXIU | ||
| 952 | |0 0 |1 0 |4 0 |6 FU251 |7 1 |9 66206 |a Arxiu |b Arxiu |d 2023-04-27 |h 2005-06 (8a ed.) |l 0 |o FU-2-51 |p 17884 |r 2023-04-27 00:00:00 |w 2023-04-27 |y ARXIU | ||
| 952 | |0 0 |1 0 |4 0 |6 FU633 |7 1 |9 66238 |a Arxiu |b Arxiu |d 2023-05-02 |h 2007-08 (10a ed.) |l 0 |o FU-6-33 |p 19438 |r 2023-05-02 00:00:00 |w 2023-05-02 |y ARXIU | ||
| 999 | |c 58984 |d 58984 | ||